000 00632nam a2200205 a 4500
001 BRCA_2632
005 20190320203910.0
008 011208s1875----gw-a---###---#000-0#ger-#
050 4 _aNE651
_b.W47 1875
100 1 _aWessely, Joseph Eduard
_d1826-1895
_97496
245 1 0 _aDie Kupferstich-Sammlung der Königlichen Museen in Berlin
_cvon J. E. Wessely.
260 _aLeipzig, Alemania
_bH. Vogel
_c1875
300 _a264 p.
_bil.
_c22 cm.
500 _aA90
650 1 4 _aGrabados
_zAlemania
_97497
650 1 4 _aGalerías y museos
_zAlemania
_95059
710 2 _aKoniglichen Museen (Berlin)
_97498
902 _aGFM
942 _2lcc
_cB
999 _c2372
_d2372